000 00508 a2200193 4500
005 20240520125012.0
010 _aB-759116
020 _a9789354714030
_c599.00
035 _aB-759116
037 _bGift
082 _aN
100 _aCollins, Suzanne
_966453
245 _aThe Ballad Of Songbirds and Snakes/
_cSuzanne Collins
260 _aLondon
_bScholastic
_c2022
270 _aLondon
_bLondon
300 _a520 p.
_c20 cm(Pb)
942 _adpl
_cCH
_2ddc
_hN
_mCOL
999 _c203011
_d203011